00273nam a2200121Ia 4500008004100000041000900041082001800050100002000068245001700088260003000105300000800135650000800143230718s9999 xx 000 0 und d aEng. a341.48bMYN-H aMyneni, S.R. Dr 0aHuman Rights aPakistanbNew Dehlic2016 a492 aLaw